Efecto del fuego accidental sobre la producción y calidad forrajera de gramíneas perennes nativas en el sur del caldenal /

Guardado en:
Autor Principal: Villaverde, María Sol.
Autor Corporativo: Universidad Nacional del Sur. Departamento de Agronomía.
Otros Autores: Blazquez, Francisco Rubén, (tutor.)
Formato: Libro
Idioma:Spanish
Publicado: Bahía Blanca, 2017.
Etiquetas: Agregar Etiqueta
Sin Etiquetas, Sea el primero en etiquetar este registro!
LEADER 00785nam a22001695a 4500
001 EEA.libagro010945
008 180306s2017####ag#a##########000#0#spa#d
005 20220802105354.0
245 1 0 |a Efecto del fuego accidental sobre la producción y calidad forrajera de gramíneas perennes nativas en el sur del caldenal /  |c María Sol Villaverde. 
260 |a Bahía Blanca,  |c 2017. 
300 |a 36 h. :  |b il. col., fot. col. ;  |c 30 cm. 
500 |a Trabajo de intensificación (Ingeniero Agrónomo) -- Universidad Nacional del Sur. Departamento de Agronomía, 2017. 
100 1 |a Villaverde, María Sol. 
700 1 |a Blazquez, Francisco Rubén,  |e tutor. 
710 2 |a Universidad Nacional del Sur.  |b Departamento de Agronomía. 
082 0 4 |a 333.74 
859 |a AR-BbBCA  |b BIB. AGRONOMIA  |h 333.74  |i V727  |p 2018/6875